<?xml version="1.0" encoding="UTF-8"?>
<record
    xmlns:xsi="http://www.w3.org/2001/XMLSchema-instance"
    xsi:schemaLocation="http://www.loc.gov/MARC21/slim http://www.loc.gov/standards/marcxml/schema/MARC21slim.xsd"
    xmlns="http://www.loc.gov/MARC21/slim">

  <leader>00903nam a22001937a 4500</leader>
  <datafield tag="999" ind1=" " ind2=" ">
    <subfield code="c">174277</subfield>
    <subfield code="d">174277</subfield>
  </datafield>
  <controlfield tag="005">20200601161009.0</controlfield>
  <datafield tag="010" ind1=" " ind2=" ">
    <subfield code="a">UR-10770</subfield>
  </datafield>
  <datafield tag="020" ind1=" " ind2=" ">
    <subfield code="c">300.00</subfield>
    <subfield code="a">9789389002379</subfield>
  </datafield>
  <datafield tag="035" ind1=" " ind2=" ">
    <subfield code="a">U-9325</subfield>
  </datafield>
  <datafield tag="037" ind1=" " ind2=" ">
    <subfield code="b">DBAD/PUB</subfield>
    <subfield code="a">-</subfield>
  </datafield>
  <datafield tag="082" ind1=" " ind2=" ">
    <subfield code="a">270.44</subfield>
  </datafield>
  <datafield tag="100" ind1=" " ind2=" ">
    <subfield code="a">&#x645;&#x631; &#x62A;&#x628;&#x64A;&#x646;:&#x633;&#x64A;&#x62F; &#x639;&#x627; &#x62F; &#x644; &#x627; &#x62E;&#x62A;&#x631; &#x648; &#x67E;&#x631; &#x648; &#x641;&#x64A;&#x633;&#x631; &#x633;&#x64A;&#x62F; &#x62D;&#x64A;&#x62F; &#x631; &#x639;&#x628;&#x627; &#x633; &#x631; &#x636;&#x648; &#x6CC; </subfield>
  </datafield>
  <datafield tag="245" ind1=" " ind2=" ">
    <subfield code="a">&#x627; &#x646;&#x62A;&#x62E;&#x627; &#x628; &#x646;&#x6C1;&#x62C; &#x627; &#x644;&#x628;&#x644;&#x627; &#x63A;&#x6C1; (&#x627; &#x631; &#x62F; &#x648; &#x62A;&#x631; &#x62C;&#x645;&#x6D2;  )</subfield>
    <subfield code="c">&#x645;&#x631; &#x62A;&#x628;&#x64A;&#x646;:&#x633;&#x64A;&#x62F; &#x639;&#x627; &#x62F; &#x644; &#x627; &#x62E;&#x62A;&#x631; &#x648; &#x67E;&#x631; &#x648; &#x641;&#x64A;&#x633;&#x631; &#x633;&#x64A;&#x62F; &#x62D;&#x64A;&#x62F; &#x631; &#x639;&#x628;&#x627; &#x633; &#x631; &#x636;&#x648; &#x6CC; </subfield>
  </datafield>
  <datafield tag="246" ind1=" " ind2=" ">
    <subfield code="b">Intekhab-e-Nehjul Balaghah(Urdu Translation) (Urdu)</subfield>
    <subfield code="a">Edited by Syed Adil Akhtar and Prof. Syed Haider Abbas Rizvi </subfield>
  </datafield>
  <datafield tag="260" ind1=" " ind2=" ">
    <subfield code="a">Delhi</subfield>
    <subfield code="b">Educational  Publishing House </subfield>
    <subfield code="c">2019 &#x621;</subfield>
  </datafield>
  <datafield tag="270" ind1=" " ind2=" ">
    <subfield code="a">3191,Vakil Street,Kucha Pandit Lal Kuan,</subfield>
    <subfield code="b">Delhi</subfield>
    <subfield code="e">110006</subfield>
    <subfield code="k">23216162</subfield>
    <subfield code="l">-</subfield>
  </datafield>
  <datafield tag="300" ind1=" " ind2=" ">
    <subfield code="a">261 &#x635; </subfield>
    <subfield code="c">22 Cm(Hb)</subfield>
  </datafield>
  <datafield tag="942" ind1=" " ind2=" ">
    <subfield code="2">ddc</subfield>
    <subfield code="c">UR</subfield>
    <subfield code="h">270.44</subfield>
    <subfield code="m">&#x62A; &#x631; &#x62C; </subfield>
  </datafield>
  <datafield tag="952" ind1=" " ind2=" ">
    <subfield code="0">0</subfield>
    <subfield code="1">0</subfield>
    <subfield code="4">0</subfield>
    <subfield code="7">0</subfield>
    <subfield code="8">NFIC</subfield>
    <subfield code="a">L</subfield>
    <subfield code="b">L</subfield>
    <subfield code="d">2020-06-01</subfield>
    <subfield code="e">DBAD/PUB</subfield>
    <subfield code="g">300.00</subfield>
    <subfield code="l">0</subfield>
    <subfield code="o">270.44 &#x62A; &#x631; &#x62C;</subfield>
    <subfield code="p">U-9325</subfield>
    <subfield code="r">2020-06-01 00:00:00</subfield>
    <subfield code="t">1</subfield>
    <subfield code="v">300.00</subfield>
    <subfield code="w">2020-06-01</subfield>
    <subfield code="y">UR</subfield>
  </datafield>
</record>
